MARC

LEADER 00000nam0a2200000 4500
001 102381
005 20231031113001.0
035 |a (RuTPU)RU\TPU\book\110399 
090 |a 102381 
100 |a 20060923d1971 m y0rusy50 ca 
101 0 |a rus 
102 |a RU 
105 |a y j 001zy 
200 1 |a Природная и техническая вода  |e учебное пособие  |f А. Н. Зарубина, К. Ф. Мурашко  |g Ленинградский кораблестроительный институт 
210 |a Ленинград  |c Изд-во Ленинградского кораблестроительного института  |d 1971 
215 |a 28 с.  |c ил. 
320 |a Библиогр.: с. 28. 
610 1 |a вода 
610 1 |a водоподготовка 
610 1 |a природная вода 
610 1 |a техническая вода 
610 1 |a качество 
610 1 |a учебные пособия 
675 |a 621.187.12(075.8)  |v 3 
700 1 |a Зарубина  |b А. Н.  |g Александра Николаевна 
701 1 |a Мурашко  |b К. Ф.  |g Клавдия Фёдоровна 
712 0 2 |a Ленинградский кораблестроительный институт 
801 1 |a RU  |b 63413507  |c 20060923  |g PSBO 
801 2 |a RU  |b 63413507  |c 20070227  |g PSBO 
942 |c BK